| 000 | 00784cam a2200277Ia 4500 | ||
|---|---|---|---|
| 001 | 83750 | ||
| 003 | GBCCL | ||
| 005 | 20241126110405.0 | ||
| 008 | 720605s1957 nyu 001 0 eng | ||
| 010 | _a 57012066 /L | ||
| 035 | _a(OCoLC)00324945 | ||
| 040 |
_aDLC _cCCL _dSER _dOCL _dTAI _dLBB |
||
| 049 | _aLBBK | ||
| 050 | 0 |
_aBR127 _b.T6 |
|
| 082 |
_a261.2 _bTOY |
||
| 090 |
_aBR127 _b.T6 |
||
| 100 | 1 |
_aToynbee, Arnold Joseph, _d1889-1975. _93282 |
|
| 245 | 1 | 0 |
_aChristianity among the religions of the world / _cArnold Toynbee. |
| 260 |
_aNew York : _bScribner, _c[1957] |
||
| 300 |
_a116 p. ; _c21 cm. |
||
| 490 | 0 |
_aHewett lectures ; _v1956 |
|
| 500 | _aIncludes index. | ||
| 650 | 0 |
_aChristianity and other religions. _912 |
|
| 650 | 0 |
_aReligions. _9261 |
|
| 942 |
_2ddc _cBK _01 |
||
| 999 |
_c1608 _d1608 |
||